| 000 | 00596nam a2200217 a 4500 | ||
|---|---|---|---|
| 001 | 23654 | ||
| 003 | CO-ViMGA | ||
| 008 | 141112s2004 ck r 000 u spa d | ||
| 020 | _a978958051227 | ||
| 040 |
_aCO-ViMGA _bspa _cCO-ViMGA |
||
| 082 | 0 | 4 | _aDREa |
| 100 | 1 |
_aDreser, Elena _934181 |
|
| 245 | 1 | 0 |
_aíA volar! / _cElena Dreser |
| 260 |
_aColombia : _beducar |
||
| 300 | _a56p. | ||
| 490 | _aAlas de papel | ||
| 650 | 1 | 4 |
_a2 : PALOMAS MENSAJERAS - CUENTOS INFANTILES _934182 |
| 650 | 1 | 4 | _aAMISTAD - CUENTOS INFANTILES |
| 650 | 1 | 4 |
_aCUENTOS INFANTILES ARGENTINOS _916313 |
| 942 |
_2ddc _cBK |
||
| 999 |
_c31762 _d31762 |
||